000 00388nam a2200145Ia 4500
008 240624s9999 xx 000 0 und d
041 _aeng
082 _a519.5 WIL
100 _aWILLIAMS THOMAS A
245 _aESSENTIALS OF CONTEMPORARY BUSINESS STAT
250 _a(5th ed.)
260 _c2012
_aAustralia
_bCengage Learning
300 _axxviii, : 751 : p. : cm. ; 25
365 _c
_b25
999 _c27308
_d27308